1437 1391 1564 1645 1527 1814 1268 1254 1319 1407 1891 1891 1695 1257 1494 1098 1856 1635 1500 1156 1057 1883 1456 1020 1938 1354 1932 1630 1098 1347 1155 1523 1936 1431 1437 1462 1558 1821 1482 1789 1267 1247 1388 1826 1765 1077 1619 1932 1757 1990 1951 1689 1797 1523 1349 1697 1455 1816 1822 1330 1816 1506 1007 1990 1801 1959 1430 1260 1155 1505 1095 1121 1146 1394 1580 1555 1131 1831 1499 1904 1799 1051 1509 1456 1095 1169 1163 1742 1228 1278 1860 1204 1894 1129 1855 1693 1895 1883 1057 BCNSPRNW ULIB Ver.6.0+V

เปลี่ยนเป็นภาษาไทย

Change to English
 แสดงรายละเอียดบรรณานุกรม
  กลับหน้าหลัก

Brief Record : Get Marc (ISO 2709) : E-mail record : QR code < ปิดหน้าต่าง
LEADER : 00000nam 2200000uu 4500
001    13399120412
003     ULIB
008    120920s2552||||th 000 0 tha d
020    ^a9789748285221
060 04 ^aWB115^bป445ค 2552
100 0  ^aปราณี ทู้ไพเราะ
245 10 ^aคู่มือโรค =^bHandbook of diseases /^cปราณี ทู้ไพเราะ
246 31 ^aHandbook of diseases
250    ^aพิมพ์ครั้งที่ 1
260    ^aกรุงเทพฯ :^bNP Press,^c2552
300    ^a522 หน้า ;^c21 ซม.
504    ^aมีบรรณานุกรมและดัชนี
650  7 ^aการวินิจฉัยโรค
650  7 ^aอายุรศาสตร์
945    ^p320^l0^i16016
945    ^p320^l0^i16015
995    ^aกัณชพร
999 ^a ใช้งานได้ทุกระบบ
รายการนี้ยังไม่มีแท็ก
คุณยังไม่ได้ล็อกอิน คุณสามารถมีกิจกรรมร่วมกับเว็บไซต์ได้ แต่ต้องล็อกอินก่อน ::
  ล็อกอิน

รายการสื่อสารสนเทศ

ลำดับที่ ประเภท เลขเรียก/บาร์โค้ด สถานที่ สถานะ
- ไม่พบข้อมูล -

รายการใกล้เคียง
    ผู้แต่ง [ปราณี ทู้ไพเราะ]

    หัวเรื่อง [การวินิจฉัยโรค]
    หัวเรื่อง [อายุรศาสตร์]

BibComment


ยังไม่เคยถูกคอมเมนท์

คอมเมนท์ทรัพยากรรายการนี้
  คอมเมนท์: คู่มือโรค Handb..


 Copyright 2026. Bcnsprnw @Library